Every Magnavox Console - Statistics

General Stats
  • This quiz has been taken 4 times
  • The average score is 7 of 13
Answer Stats
Years Sold Console % Correct
1972-1985 Magnavox Odyssey
100%
1978-1998 Magnavox Odyssey 2
75%
1978 Magnavox Odyssey 3
75%
1975-1989 Magnavox Odyssey 100
50%
1975-1989 Magnavox Odyssey 200
50%
1977-1996 Magnavox Odyssey 2000
50%
1976-1994 Magnavox Odyssey 300
50%
1977-1997 Magnavox Odyssey 3000
50%
1976-1994 Magnavox Odyssey 400
50%
1977-1998 Magnavox Odyssey 4000
50%
1976-1996 Magnavox Odyssey 500
50%
1977 Magnavox Odyssey 5000
50%
1976-1990 Magnavox Odyssey 4305
25%
No matching quizzes found
Score Distribution
Percent of People with Each Score
Percentile by Number Answered
Your Score History
You have not taken this quiz